[Event "World School-ch U15"]
[Site "Antalya"]
[Date "2019.04.22"]
[Round "5"]
[White "Bozyaka, Altug"]
[Black "Hernandez, Jeronimo"]
[Result "1-0"]
[WhiteElo "1658"]
[BlackElo "1851"]
[PlyCount "59"]
[EventDate "2019.04.18"]
[EventType "swiss"]
[EventRounds "9"]
[EventCountry "TUR"]
[SourceTitle "CBM 190 Extra"]
[Source "ChessBase"]
[SourceDate "2019.07.15"]
[SourceVersion "1"]
[SourceVersionDate "2019.07.15"]
[SourceQuality "1"]

1. d4 Nf6 2. Nf3 e6 3. e3 b6 4. Bd3 Bb7 5. 0-0 Be7 6. b3 0-0 7. Bb2 c5 8. c4 Nc6 9. Nbd2 d5 10. Rc1 Rc8 11. Qe2 Nb4 12. Bb1 Ne4 13. Rfd1 Nxd2 14. Rxd2 cxd4 15. exd4 Bf6 16. Rc3 Ba6 17. Ne5 Nc6 18. Bxh7+ Kh8 19. Qh5 Bg5 20. Bg6+ Bh6 21. Nxf7+ Rxf7 22. Bxf7 Qd7 23. g4 Rf8 24. g5 Rxf7 25. gxh6 Kg8 26. cxd5 Nd8 27. Rf3 Bb7 28. Rxf7 Nxf7 29. Qg6 Kf8 30. dxe6 1-0

[Event "World School-ch U15"]
[Site "Antalya"]
[Date "2019.04.20"]
[Round "3"]
[White "Ozenir, Ekin Baris"]
[Black "Bozyaka, Altug"]
[Result "1-0"]
[WhiteElo "2261"]
[BlackElo "1658"]
[PlyCount "69"]
[EventDate "2019.04.18"]
[EventType "swiss"]
[EventRounds "9"]
[EventCountry "TUR"]
[SourceTitle "CBM 190 Extra"]
[Source "ChessBase"]
[SourceDate "2019.07.15"]
[SourceVersion "1"]
[SourceVersionDate "2019.07.15"]
[SourceQuality "1"]

1. Nf3 Nf6 2. b3 g6 3. Bb2 Bg7 4. g3 d6 5. d4 0-0 6. Bg2 c5 7. c4 cxd4 8. Nxd4 d5 9. cxd5 Nxd5 10. 0-0 a6 11. Qd2 e5 12. Nc2 Ne7 13. Rd1 Nbc6 14. Nc3 Be6 15. Qe1 Qa5 16. Na4 Rac8 17. Ba3 Rfe8 18. Rac1 Nf5 19. e3 Bf8 20. Bxf8 Rxf8 21. Bxc6 Qxe1+ 22. Nxe1 Rxc6 23. Rxc6 bxc6 24. Nc5 Bc8 25. Ned3 Rd8 26. Rc1 f6 27. Nb4 Rd2 28. Ne4 Rb2 29. Nxf6+ Kf7 30. Ng4 Nxg3 31. Nxe5+ Kf6 32. hxg3 a5 33. Nbd3 Rxa2 34. Rxc6+ Be6 35. Nf4 1-0

[Event "Troya op 26th"]
[Site "Canakkale"]
[Date "2018.08.10"]
[Round "8"]
[White "Celik, Meric"]
[Black "Bozyaka, Altug"]
[Result "1-0"]
[WhiteElo "1471"]
[BlackElo "1649"]
[PlyCount "89"]
[EventDate "2018.08.06"]
[EventType "swiss"]
[EventRounds "9"]
[EventCountry "TUR"]
[SourceTitle "EXT 2019"]
[Source "ChessBase"]
[SourceDate "2018.10.10"]
[SourceVersion "1"]
[SourceVersionDate "2018.10.10"]
[SourceQuality "1"]

1. e4 c5 2. Nc3 d6 3. Nge2 Nf6 4. g3 Nc6 5. Bg2 g6 6. d3 Bg7 7. 0-0 0-0 8. h3 e6 9. Be3 Rb8 10. Qd2 b5 11. Bh6 b4 12. Na4 Bb7 13. Bxg7 Kxg7 14. a3 b3 15. c4 Qc7 16. Nac3 Rfd8 17. f4 Ne7 18. f5 exf5 19. exf5 d5 20. fxg6 fxg6 21. Qg5 Qd6 22. Nb5 Qb6 23. Nf4 Neg8 24. Rae1 Re8 25. Nc3 dxc4 26. dxc4 Bxg2 27. Kxg2 Rbd8 28. Ncd5 Qc6 29. Kh2 Ne4 30. Rxe4 h6 31. Qh4 g5 32. Nh5+ Kh8 33. Qg4 Rf8 34. Rxf8 Rxf8 35. Kg2 Qg6 36. Qe2 Qf5 37. g4 Qf7 38. Ng3 Nf6 39. Nxf6 Qxf6 40. Re6 Qd4 41. Qe5+ Qxe5 42. Rxe5 Rd8 43. Rd5 Rc8 44. Ne4 Re8 45. Kf3 1-0